00709nam a2200181Ia 4500003000900000008004100009040001600050080001800066111007500084245022300159260003300382300001600415650001400431650000900445650001200454700002600466710003500492IN-BaIIA211028s9999 xx 000 0 eng d cIIA Library a523.34-3bRES alunar International laboratory symposiumn3rdcBelgraded1967 Sept. 28 0aResearch in physics and chemistrybproceedings of the third lunar International laboratory (LIL) symposium held at Serbia, Belgrade on 28 September 1967cedited by Frank J. Malina  aOxfordbPergamon Pressc1969 aviii, 145p. aChemistry aMoon aPhysics aMalina, Frank J., ed. aLunar International laboratory